[Event "Cherkasy Konsalt IM"]
[Site "Cherkasy"]
[Date "2021.05.08"]
[Round "8"]
[White "Opryshko, Stanislav"]
[Black "Grygoriev, Oleksii"]
[Result "1/2-1/2"]
[WhiteElo "2208"]
[BlackElo "2121"]
[PlyCount "172"]
[EventDate "2021.05.04"]
[EventType "tourn"]
[EventRounds "9"]
[EventCountry "UKR"]
[EventCategory "1"]
[SourceTitle "CBM 202 Extra"]
[Source "ChessBase"]
[SourceDate "2021.07.31"]
[SourceVersion "1"]
[SourceVersionDate "2021.07.31"]
[SourceQuality "1"]

1. d4 Nf6 2. c4 e6 3. g3 d5 4. Bg2 Be7 5. Nf3 0-0 6. 0-0 c6 7. Qc2 b6 8. Rd1 Bb7 9. Bf4 Na6 10. a3 c5 11. dxc5 bxc5 12. Nc3 Qb6 13. Na4 Qa5 14. Bd2 Qc7 15. cxd5 exd5 16. b4 cxb4 17. Qxc7 Nxc7 18. Bxb4 Bxb4 19. axb4 Ne6 20. Bh3 Ne4 21. Nd4 Nxd4 22. Rxd4 Rfe8 23. Bf5 g6 24. Bxe4 Rxe4 25. e3 Rxd4 26. exd4 Bc6 27. Nc3 Rb8 28. Ra6 Bb5 29. Rxa7 Bc4 30. Ra4 Bb3 31. Ra1 Rxb4 32. Rb1 Kf8 33. f3 Rb7 34. h4 h6 35. Kf2 Kg7 36. Rb2 h5 37. Ne2 Rb5 38. Nf4 Rb7 39. Nd3 Rb5 40. Ke3 Ba4 41. Rxb5 Bxb5 42. Nb4 Bc4 43. Kf4 f6 44. g4 hxg4 45. fxg4 Kf7 46. g5 Bb3 47. Nd3 Bc2 48. Nf2 Bf5 49. h5 fxg5+ 50. Kxg5 Bc2 51. h6 Kg8 52. Ng4 Kh8 53. Ne5 Kh7 54. Nd7 Bb3 55. Nf6+ Kh8 56. Kxg6 Bc2+ 57. Kg5 Bb3 58. Ng4 Kh7 59. Ne3 Ba2 60. Ng2 Bb3 61. Nf4 Ba2 62. Nh5 Bb3 63. Nf6+ Kh8 64. Kh5 Ba2 65. Nd7 Kh7 66. Nf8+ Kg8 67. Ne6 Kh7 68. Ng5+ Kh8 69. Kg6 Bb1+ 70. Kf6 Bc2 71. Ke5 Bb3 72. Kf6 Bc2 73. Nf7+ Kh7 74. Kg5 Bb3 75. Ne5 Ba2 76. Nd7 Bb3 77. Nf6+ Kh8 78. Kf5 Ba2 79. Ke5 Bb3 80. Kd6 Ba2 81. Kc5 Bb3 82. Nxd5 Kh7 83. Ne3 Kxh6 84. Nc4 Kg7 85. d5 Kf8 86. d6 Bxc4 1/2-1/2

[Event "Cherkasy Konsalt IM"]
[Site "Cherkasy"]
[Date "2021.05.07"]
[Round "6"]
[White "Ansat, Aldiyar"]
[Black "Grygoriev, Oleksii"]
[Result "1/2-1/2"]
[WhiteElo "2344"]
[BlackElo "2121"]
[PlyCount "182"]
[EventDate "2021.05.04"]
[EventType "tourn"]
[EventRounds "9"]
[EventCountry "UKR"]
[EventCategory "1"]
[SourceTitle "CBM 202 Extra"]
[Source "ChessBase"]
[SourceDate "2021.07.31"]
[SourceVersion "1"]
[SourceVersionDate "2021.07.31"]
[SourceQuality "1"]

1. d4 Nf6 2. Nc3 d5 3. Bf4 e6 4. e3 Bd6 5. Nf3 Bxf4 6. exf4 Nc6 7. Ne5 Nxe5 8. dxe5 Nd7 9. Qg4 g6 10. 0-0-0 Qe7 11. h4 h5 12. Qg5 Nc5 13. Be2 Bd7 14. Rh3 Qxg5 15. fxg5 Ke7 16. b4 Na4 17. Nxa4 Bxa4 18. Rd4 Bd7 19. Rf4 a5 20. Rhf3 Rh7 21. b5 c5 22. bxc6 Bxc6 23. a4 Rc8 24. Rd4 Rhh8 25. Rf6 Rc7 26. Rdf4 Be8 27. Bb5 Rh7 28. Bd3 Rc5 29. Rd4 Rh8 30. Rf3 Rh7 31. g3 Rh8 32. Kd2 Rh7 33. Be2 Rh8 34. Rb3 Bc6 35. Bd3 Rc8 36. Rb1 Rc7 37. Rb2 Rc8 38. Rb6 Rc7 39. Be2 Bd7 40. Bd3 Rc3 41. Rb3 R3c5 42. f3 Bc6 43. g4 hxg4 44. fxg4 Kf8 45. h5 Kg7 46. Rb1 Be8 47. Rb6 R5c6 48. Rb3 Rc5 49. Rb1 Rc3 50. Rf1 R3c6 51. Rf6 Re7 52. Rdf4 Rcc7 53. Rf1 Rc5 54. c3 Rcc7 55. Rh1 Rc5 56. hxg6 fxg6 57. Rh6 Rc6 58. Bxg6 Bxg6 59. Rhxg6+ Kh7 60. Rh6+ Kg7 61. Rh3 Rec7 62. g6 Kg8 63. Rhf3 Kg7 64. g5 b6 65. Rh3 Kg8 66. Rd3 Kg7 67. Rdf3 Rc4 68. Rh3 R7c6 69. Rh7+ Kg8 70. Rf3 d4 71. cxd4 Rxd4+ 72. Rd3 Rxd3+ 73. Kxd3 Rc5 74. Kd4 Rd5+ 75. Ke4 b5 76. axb5 Rxb5 77. Ra7 Rb4+ 78. Kf3 a4 79. Ra6 a3 80. Rxa3 Kg7 81. Ra6 Kxg6 82. Rxe6+ Kxg5 83. Rf6 Ra4 84. Ke3 Ra3+ 85. Kd4 Ra4+ 86. Kd5 Ra5+ 87. Ke6 Ra6+ 88. Kf7 Ra7+ 89. Kf8 Ra5 90. Rb6 Kf5 91. Rh6 Rxe5 1/2-1/2

[Event "Cherkasy Konsalt IM"]
[Site "Cherkasy"]
[Date "2021.05.07"]
[Round "5"]
[White "Babiy, Olga"]
[Black "Grygoriev, Oleksii"]
[Result "0-1"]
[WhiteElo "2300"]
[BlackElo "2121"]
[PlyCount "52"]
[EventDate "2021.05.04"]
[EventType "tourn"]
[EventRounds "9"]
[EventCountry "UKR"]
[EventCategory "1"]
[SourceTitle "CBM 202 Extra"]
[Source "ChessBase"]
[SourceDate "2021.07.31"]
[SourceVersion "1"]
[SourceVersionDate "2021.07.31"]
[SourceQuality "1"]

1. d4 Nf6 2. Nf3 d5 3. Bf4 g6 4. e3 Bg7 5. c4 0-0 6. Nc3 c5 7. Rc1 Qa5 8. Qb3 cxd4 9. exd4 Nc6 10. cxd5 Nb4 11. Bc4 b5 12. Bxb5 Nfxd5 13. Bd2 Nxc3 14. Qxc3 Qxb5 15. Qxb4 Qd3 16. Qc3 Qb5 17. Qb4 Qd3 18. Rc3 Qb1+ 19. Bc1 Ba6 20. Nd2 Qxa2 21. Nb3 e5 22. dxe5 Bxe5 23. Re3 Rab8 24. Qe4 Bd6 25. Nd4 Bb4+ 26. Kd1 Rfd8 0-1

[Event "Cherkasy Konsalt IM"]
[Site "Cherkasy"]
[Date "2021.05.04"]
[Round "1"]
[White "Anwesh, Upadhyaya"]
[Black "Grygoriev, Oleksii"]
[Result "1-0"]
[WhiteElo "2369"]
[BlackElo "2121"]
[PlyCount "93"]
[EventDate "2021.05.04"]
[EventType "tourn"]
[EventRounds "9"]
[EventCountry "UKR"]
[EventCategory "1"]
[SourceTitle "CBM 202 Extra"]
[Source "ChessBase"]
[SourceDate "2021.07.31"]
[SourceVersion "1"]
[SourceVersionDate "2021.07.31"]
[SourceQuality "1"]

1. d4 Nf6 2. c4 e6 3. g3 d5 4. Nf3 Be7 5. Bg2 0-0 6. 0-0 dxc4 7. Qc2 a6 8. Qxc4 b5 9. Qc2 Bb7 10. Bd2 Be4 11. Qc1 Nbd7 12. Ba5 Rc8 13. Nbd2 Bb7 14. Qc2 Qe8 15. b4 Bd6 16. e4 e5 17. Rfe1 Qe7 18. a3 Rfe8 19. Rad1 Qf8 20. dxe5 Nxe5 21. Nxe5 Bxe5 22. Nb3 Bd6 23. Nc5 Bxc5 24. bxc5 Bc6 25. e5 Bxg2 26. Kxg2 Ng4 27. f4 Red8 28. Rxd8 Qxd8 29. h3 Qd5+ 30. Qe4 Qxe4+ 31. Rxe4 Nh6 32. g4 Kf8 33. c6 Ke8 34. f5 Ng8 35. f6 g5 36. Kf3 Rd8 37. Bxc7 Rc8 38. Ba5 Rxc6 39. Rd4 Nxf6 40. exf6 Rxf6+ 41. Ke4 h5 42. gxh5 Rh6 43. Kf5 Rxh5 44. Rd3 Rh4 45. Bd8 f6 46. Bxf6 b4 47. Kg6 1-0

[Event "Zaporozhye Ermak Cup 7th"]
[Site "Zaporozhye"]
[Date "2011.07.01"]
[Round "9"]
[White "Grygoriev, Oleksii"]
[Black "Rakhmanin, Yuri"]
[Result "1-0"]
[WhiteElo "2104"]
[BlackElo "2160"]
[PlyCount "41"]
[EventDate "2011.06.25"]
[EventType "swiss"]
[EventRounds "9"]
[EventCountry "UKR"]
[SourceTitle "CBM 143 Extra"]
[Source "ChessBase"]
[SourceDate "2011.08.29"]
[SourceVersion "1"]
[SourceVersionDate "2011.08.29"]
[SourceQuality "1"]

1. e4 c5 2. Nf3 Nc6 3. d4 cxd4 4. Nxd4 Nf6 5. Nc3 g6 6. Bc4 Bg7 7. Nxc6 bxc6 8. e5 Ng8 9. Qf3 f5 10. Bf4 Qa5 11. 0-0-0 Bxe5 12. Rhe1 Bf6 13. Nb5 Kf8 14. Nc7 d6 15. Qxc6 Bxb2+ 16. Kxb2 Qb4+ 17. Bb3 Bb7 18. Ne6+ Kf7 19. Nd8+ Kg7 20. Qxb7 Qxf4 21. Ne6+ 1-0

[Event "Zaporozhye Ermak Cup 7th"]
[Site "Zaporozhye"]
[Date "2011.06.30"]
[Round "8"]
[White "Ozerov, Alexander"]
[Black "Grygoriev, Oleksii"]
[Result "1/2-1/2"]
[WhiteElo "2248"]
[BlackElo "2104"]
[PlyCount "94"]
[EventDate "2011.06.25"]
[EventType "swiss"]
[EventRounds "9"]
[EventCountry "UKR"]
[SourceTitle "CBM 143 Extra"]
[Source "ChessBase"]
[SourceDate "2011.08.29"]
[SourceVersion "1"]
[SourceVersionDate "2011.08.29"]
[SourceQuality "1"]

1. e4 c5 2. Nf3 e6 3. c3 d5 4. exd5 exd5 5. d4 Nf6 6. Bb5+ Bd7 7. Qe2+ Be7 8. Ne5 0-0 9. Nxd7 Nbxd7 10. 0-0 a6 11. Bd3 Re8 12. Be3 c4 13. Bf5 Bd6 14. Nd2 Qc7 15. g3 b5 16. Qf3 h6 17. Bxd7 Qxd7 18. Bxh6 Qh3 19. Bg5 Ng4 20. Qg2 Qxg2+ 21. Kxg2 f6 22. Kh3 Nxh2 23. Kxh2 fxg5 24. Rfe1 Be7 25. Nf1 Bf6 26. Rxe8+ Rxe8 27. Ne3 Rd8 28. Re1 Kf7 29. Kg2 Re8 30. Kf1 Rd8 31. Nc2 a5 32. Kg2 Rd6 33. Ne3 Re6 34. Rb1 Rd6 35. b3 b4 36. cxb4 axb4 37. bxc4 dxc4 38. Nxc4 Ra6 39. Rxb4 Bxd4 40. a4 Bc5 41. Rb7+ Ke6 42. Rxg7 Rxa4 43. Nb2 Bd4 44. Nxa4 Bxg7 45. Kf3 Bd4 46. Ke2 g4 47. f3 gxf3+ 1/2-1/2

[Event "Zaporozhye Ermak Cup 7th"]
[Site "Zaporozhye"]
[Date "2011.06.27"]
[Round "4"]
[White "Ostapets, Dmitry"]
[Black "Grygoriev, Oleksii"]
[Result "0-1"]
[WhiteElo "1755"]
[BlackElo "2104"]
[PlyCount "112"]
[EventDate "2011.06.25"]
[EventType "swiss"]
[EventRounds "9"]
[EventCountry "UKR"]
[SourceTitle "CBM 143 Extra"]
[Source "ChessBase"]
[SourceDate "2011.08.29"]
[SourceVersion "1"]
[SourceVersionDate "2011.08.29"]
[SourceQuality "1"]

1. Nf3 Nf6 2. c4 e6 3. Nc3 d5 4. cxd5 exd5 5. d4 c6 6. Bg5 Be7 7. e3 h6 8. Bh4 Bf5 9. Bd3 Bxd3 10. Qxd3 Nbd7 11. 0-0 0-0 12. a3 a5 13. Bg3 Nh5 14. Be5 Nb6 15. Qf5 Nf6 16. Nd2 Qd7 17. Qxd7 Nfxd7 18. Bg3 a4 19. Rfb1 Ra7 20. h3 Rc8 21. Rc1 Nf6 22. Rab1 Ne8 23. f3 Nc4 24. Nxc4 dxc4 25. Ne4 b5 26. Rd1 Rd7 27. Kf1 Rcd8 28. Ke2 Nf6 29. Nxf6+ Bxf6 30. Be5 Be7 31. Rbc1 f6 32. Bg3 Kf7 33. Bf4 h5 34. g4 hxg4 35. hxg4 c5 36. dxc5 Bxc5 37. Rxd7+ Rxd7 38. Bg3 Rd3 39. Bf2 Rb3 40. Rc2 c3 41. bxc3 Rxa3 42. e4 Bxf2 43. Kxf2 Ra1 44. Ke3 Ke6 45. Kd4 Kd6 46. f4 Rd1+ 47. Ke3 Kc5 48. Rb2 Ra1 49. e5 fxe5 50. fxe5 a3 51. Re2 a2 52. e6 Kd6 53. e7 Kxe7 54. Kd4+ Kd6 55. Rd2 g5 56. Kd3 Kc5 0-1

[Event "Zaporozhye Ermak Cup 7th"]
[Site "Zaporozhye"]
[Date "2011.06.26"]
[Round "3"]
[White "Grygoriev, Oleksii"]
[Black "Kononenko, Dmitry1111"]
[Result "0-1"]
[WhiteElo "2104"]
[BlackElo "2307"]
[PlyCount "56"]
[EventDate "2011.06.25"]
[EventType "swiss"]
[EventRounds "9"]
[EventCountry "UKR"]
[SourceTitle "CBM 143 Extra"]
[Source "ChessBase"]
[SourceDate "2011.08.29"]
[SourceVersion "1"]
[SourceVersionDate "2011.08.29"]
[SourceQuality "1"]

1. e4 c6 2. d4 d5 3. Nc3 dxe4 4. Nxe4 Bf5 5. Ng3 Bg6 6. Bc4 e6 7. N1e2 Bd6 8. h4 h6 9. Nf4 Bxf4 10. Bxf4 Nf6 11. h5 Bh7 12. c3 0-0 13. 0-0 Nd5 14. Bxd5 cxd5 15. Qg4 Kh8 16. Be5 Rg8 17. Qf4 Qe7 18. Bd6 Qd7 19. b3 Nc6 20. Ba3 Rac8 21. Rfd1 b5 22. Rac1 Na5 23. Bb4 Nb7 24. Ba3 Rc6 25. Nf1 Ra6 26. Bb4 Rxa2 27. c4 bxc4 28. bxc4 Ra4 0-1

[Event "Zaporozhye Ermak Cup 7th"]
[Site "Zaporozhye"]
[Date "2011.06.26"]
[Round "2"]
[White "Grygoriev, Oleksii"]
[Black "Kucheryavy, Vadym"]
[Result "1-0"]
[WhiteElo "2104"]
[BlackElo "1545"]
[PlyCount "75"]
[EventDate "2011.06.25"]
[EventType "swiss"]
[EventRounds "9"]
[EventCountry "UKR"]
[SourceTitle "CBM 143 Extra"]
[Source "ChessBase"]
[SourceDate "2011.08.29"]
[SourceVersion "1"]
[SourceVersionDate "2011.08.29"]
[SourceQuality "1"]

1. e4 e5 2. Nf3 Nc6 3. Bb5 a6 4. Ba4 Nf6 5. d3 b5 6. Bb3 d6 7. c3 Be7 8. Nbd2 0-0 9. Nf1 d5 10. Ng3 dxe4 11. dxe4 Qxd1+ 12. Bxd1 Bb7 13. 0-0 Nd7 14. Nf5 Bc5 15. Bc2 Ne7 16. Nxe7+ Bxe7 17. Nd2 Bg5 18. Nb3 Bxc1 19. Rfxc1 Rac8 20. Rd1 Rfd8 21. f3 c5 22. Rd6 c4 23. Na5 Nc5 24. Rad1 Rxd6 25. Rxd6 g6 26. Nxb7 Nxb7 27. Rxa6 Rd8 28. Rb6 Nc5 29. Rxb5 Nd3 30. Rd5 Rxd5 31. exd5 Nf4 32. d6 Kf8 33. a4 Ke8 34. a5 f5 35. Ba4+ Kd8 36. Bc6 Ne6 37. a6 Kc8 38. a7 1-0

[Event "Kiev Spring op"]
[Site "Kiev"]
[Date "2011.03.22"]
[Round "5.20"]
[White "Grygoriev, Oleksii"]
[Black "Yashchenko, Olena"]
[Result "1-0"]
[WhiteElo "2161"]
[BlackElo "1768"]
[PlyCount "97"]
[EventDate "2011.03.19"]
[EventType "swiss"]
[EventRounds "9"]
[EventCountry "UKR"]
[SourceTitle "EXT 2012"]
[Source "ChessBase"]
[SourceDate "2011.11.24"]
[SourceVersion "1"]
[SourceVersionDate "2011.11.24"]
[SourceQuality "1"]

1. e4 c6 2. d4 d5 3. Nc3 dxe4 4. Nxe4 Bf5 5. Ng3 Bg6 6. Bc4 e6 7. N1e2 Nf6 8. Nf4 Nd5 9. Nxg6 hxg6 10. Ne4 Nd7 11. Bg5 N7f6 12. Qe2 Qa5+ 13. Bd2 Qb6 14. 0-0-0 0-0-0 15. c3 Be7 16. Ng5 Rd7 17. Nxf7 Ba3 18. bxa3 Rxf7 19. Qxe6+ Rd7 20. Qe5 Re8 21. Qg3 Ne4 22. Qxg6 Ree7 23. Rhe1 Nxd2 24. Bxd5 Qa5 25. Kxd2 Qxd5 26. Rxe7 Rxe7 27. Qg4+ Rd7 28. Ke1 Qxa2 29. Qh3 Qxa3 30. Kf1 Qa6+ 31. Kg1 Qe2 32. Rf1 a5 33. Qh8+ Kc7 34. Qa8 Qa2 35. Re1 Qa3 36. Rb1 b6 37. Qa7+ Kd6 38. Qxb6 Qxc3 39. h4 Ke7 40. Rd1 a4 41. h5 a3 42. Qa6 Kf7 43. Kh2 Qc2 44. Rd3 a2 45. Rf3+ Ke7 46. Qa3+ Kd8 47. Rf8+ Kc7 48. Qa5+ Kd6 49. Qe5# 1-0